| 000 | 00861nam a22002411 4500 | ||
|---|---|---|---|
| 001 | 4530608 | ||
| 003 | ARRUPE | ||
| 005 | 20140611135842.0 | ||
| 008 | 850812s1960 za abf b f000 0 eng | ||
| 010 | _a 61001562 | ||
| 040 |
_aDLC/ICU _cICU _dDLC |
||
| 043 | _af-za--- | ||
| 050 | 0 | 0 |
_aQL731 _b.A5 |
| 082 | 0 | 0 | _a599.096894 |
| 100 | 1 |
_aAnsell, W. F. H. _q(William Frank Harding) _910835 |
|
| 245 | 1 | 0 |
_aMammals of Northern Rhodesia; _ba revised check list with keys, notes on distribution, range maps, and summaries of breeding and ecological data. _cWith seven colour plates by P. Dandelot. |
| 260 |
_aLusaka, _bGovt. Printer, _c1960. |
||
| 300 |
_a155, 24 p. _billus., col. plates, maps. _c23 cm. |
||
| 504 | _aBibliography: p. 128-137. | ||
| 650 | 0 |
_aMammals _zZambia. _910836 |
|
| 906 |
_a7 _bcbc _corignew _du _eocip _f19 _gy-gencatlg |
||
| 942 |
_2lcc _cSPC |
||
| 999 |
_c120709 _d120709 |
||